The Semantic Web and Web Science : 8th Chinese Conference, CSWS 2014, Wuhan, China, August 8–12, 2014 : Revised Selected Papers /
Selección de ponencias de la octava Conferencia China sobre Web Semántica y Ciencia Web, celebrada en Wuhan, China, en agosto de 2014. Los artículos están organizados en secciones temáticas como razonamiento y aprendizaje ontológico; generación y gestión de datos semánticos; y tecnología y aplicacio...
Uloženo v:
| Korporativní autor: | |
|---|---|
| Další autoři: | |
| Médium: | Konferenční příspěvek Kniha |
| Jazyk: | angličtina |
| Vydáno: |
Heidelberg, Alemania :
Springer,
2014, c2014
|
| Edice: | (Communications in Computer and Information Science ;
480) |
| Témata: | |
| On-line přístup: | Ver documento en línea |
| Tagy: |
Žádné tagy, Buďte první, kdo vytvoří štítek k tomuto záznamu!
|
MARC
| LEADER | 00000nam^a2200000^a^4500 | ||
|---|---|---|---|
| 001 | 000571604 | ||
| 005 | 20251023000000.0 | ||
| 009 | 20260310132252.025 | ||
| 020 | |a 978-3-662-45495-4 | ||
| 037 | |a Acervo ITESO - Biblioteca | ||
| 041 | |a ING | ||
| 082 | |a Libro en línea | ||
| 111 | |a Chinese Conference on The Semantic Web and Web Science ( |n 8a : |d 2014 : |c Wuhan, China) | ||
| 245 | 1 | 4 | |a The Semantic Web and Web Science : |b 8th Chinese Conference, CSWS 2014, Wuhan, China, August 8–12, 2014 : Revised Selected Papers / |c Ed. de D. Zhao... [et al.]. |
| 264 | 4 | |a Heidelberg, Alemania : |b Springer, |c 2014, c2014 | |
| 264 | 2 | |a Cham, Suiza : |b Springer Link [distribución], |c 2014 | |
| 300 | |a 1 libro electrónico en línea (XII, 252 p.) | ||
| 300 | |a 1 recurso en línea | ||
| 336 | |a datos para computadora |b cod |2 rdacontenido | ||
| 337 | |a computadora |b c |2 rdamedio | ||
| 338 | |a recurso en línea |b cr |2 rdasoporte | ||
| 440 | 1 | |a (Communications in Computer and Information Science ; |v 480) | |
| 506 | 0 | |a Licencias ilimitadas | |
| 520 | |a Selección de ponencias de la octava Conferencia China sobre Web Semántica y Ciencia Web, celebrada en Wuhan, China, en agosto de 2014. Los artículos están organizados en secciones temáticas como razonamiento y aprendizaje ontológico; generación y gestión de datos semánticos; y tecnología y aplicaciones semánticas. | ||
| 649 | |a XX | ||
| 650 | |a Semántica - |x Aspectos Tecnológicos | ||
| 650 | |a Búsqueda (Información) | ||
| 650 | |a Lenguaje Hipermedial | ||
| 650 | |a Diseño de Información | ||
| 650 | |a Aprendizaje Automático (Inteligencia Artificial) | ||
| 650 | |a Agentes Inteligentes (Software) | ||
| 650 | |a Inteligencia Artificial | ||
| 650 | |a Metadatos | ||
| 650 | |a Bases de Datos | ||
| 650 | |a Sistemas de Información | ||
| 650 | |a Servicios Web (Software) - |x Diseño y Construcción - |x Tema Principal | ||
| 650 | |a Servicios Web (Software) - |x Congresos - |x Tema Principal | ||
| 650 | |a Internet | ||
| 650 | |a Tecnologías de Comunicación e Información | ||
| 650 | |a Ingeniería Computacional | ||
| 700 | |a Zhao, Dongyan |e (edición) | ||
| 856 | 4 | 0 | |u https://link-springer-com.ezproxy.iteso.mx/10.1007/978-3-662-45495-4 |y Ver documento en línea |
| 910 | |a Fondo General | ||
| 920 | |a Electrónicos - Libros en Línea | ||
| 930 | |a Plataforma Digital | ||
| 905 | |a 205 | ||
| 901 | |a 571604-1 |b IT2 |c EBO |i C |u 20250521 | ||
| 902 | |a https://opac.biblio.iteso.mx/vufind/Record/000571604 | ||